000 00423cam a2200157ua 4500
041 _aeng
_h
082 _a823.308
_bCER/DO
100 _aCervanter Saavdra, Miguel .
245 _aDon quixote in two volumes vol-2 /
_cMiguel cervanter saavdra.
_hTextual Documents
260 _aLondon :
_bJ M Dent and Sons Ltd ,
_c1960.
300 _a484 ; .
504 _a
942 _cBK
999 _c4385
_d4385